| 000 | 01927nam0a2200313 4500 | ||
|---|---|---|---|
| 001 | RU\NLR\BIBL_A\022751226 | ||
| 005 | 20260409003539.0 | ||
| 010 |
_a978-5-9929-1927-1 _9300 |
||
| 035 | _a(NLR Aleph) 022751226 | ||
| 090 |
_a13650393 _c13650393 |
||
| 100 | _a20260312d2025 k y0rusy50 ca | ||
| 101 | 0 | _aeng | |
| 102 | _aRU | ||
| 105 | _ay j 000yy | ||
| 181 | 0 |
_ai4 _baxxe |
|
| 182 | 0 | _an | |
| 200 | 1 |
_aHistory and geography of target-language countries: The United States of America _eучебник для высшего профессионального образования _eпо направлениям подготовки 44.03.05 "Педагогическое образование"и 45.03.92 "Лингвистика" _fА. П. Александрова _gМинистерство науки и высшего образования Российской Федерации, Федеральное государственное бюджетное образовательное учреждение высшего образования "Орловский государственный университет имени И. С. Тургенева" |
|
| 203 |
_aТекст _bвизуальный _cнепосредственный |
||
| 210 |
_aОрел _cОГУ им. И.С. Тургенева _d2025 |
||
| 215 |
_a428 с. _d21 |
||
| 320 | _aБиблиогр.: с. 420-428 (178 назв.) | ||
| 541 | 1 | _aИстория и география стран изучаемого языка | |
| 606 | 1 |
_aАнглийский язык _jУчебники для высших учебных заведений _9972309 _3RU\NLR\AUTH\6646032 |
|
| 686 | 1 |
_aШ143.21-93рус31 _bД890(7США) |
|
| 700 | 1 |
_7ba _8rus _aAleksandrova _bA. P. _cканд. филол. наук _gAnželika Parujrovna _9219011 _3RU\NLR\AUTH\770219067 |
|
| 942 | _cBOOK | ||
| 980 | _aNB | ||